Understanding Loft Conversions: A Simple Guide to Loft Conversion Detailing and Design / (Record no. 8687)
[ view plain ]
| 000 -LEADER | |
|---|---|
| fixed length control field | 00604nam a22001697a 4500 |
| 003 - CONTROL NUMBER IDENTIFIER | |
| control field | OSt |
| 005 - DATE AND TIME OF LATEST TRANSACTION | |
| control field | 20260331144710.0 |
| 008 - FIXED-LENGTH DATA ELEMENTS--GENERAL INFORMATION | |
| fixed length control field | 260331b |||||||| |||| 00| 0 eng d |
| 020 ## - INTERNATIONAL STANDARD BOOK NUMBER | |
| International Standard Book Number | 9781739595227 |
| 040 ## - CATALOGING SOURCE | |
| Transcribing agency | n |
| 082 ## - DEWEY DECIMAL CLASSIFICATION NUMBER | |
| Classification number | 728.37 W35 2022 |
| 100 ## - MAIN ENTRY--PERSONAL NAME | |
| Personal name | Walshaw, Emma |
| 245 ## - TITLE STATEMENT | |
| Title | Understanding Loft Conversions: A Simple Guide to Loft Conversion Detailing and Design / |
| Statement of responsibility, etc. | Emma Walshaw. |
| 300 ## - PHYSICAL DESCRIPTION | |
| Extent | 144 pages : illustrations ; 28 cm |
| 650 ## - SUBJECT ADDED ENTRY--TOPICAL TERM | |
| Topical term or geographic name entry element | Loft conversions – Residential building design – Building construction – Housing extensions – Architectural detailing |
| 942 ## - ADDED ENTRY ELEMENTS (KOHA) | |
| Source of classification or shelving scheme | Dewey Decimal Classification |
| Koha item type | English Book |
| Suppress in OPAC | No |
| Withdrawn status | Lost status | Source of classification or shelving scheme | Damaged status | Not for loan | Home library | Current library | Date acquired | Total Checkouts | Full call number | Barcode | Date last seen | Price effective from | Koha item type |
|---|---|---|---|---|---|---|---|---|---|---|---|---|---|
| Dewey Decimal Classification | CENTRAL | TUWAIQ | 03/31/2026 | 728.37 W35 2022 | 1000000025843 | 03/31/2026 | 03/31/2026 | English Book |
